• 首页
  • 本馆介绍
  • 公告通知
  • 最新文献
  • 馆藏检索
  • 电子资源
  • 读者导购
  • 参考咨询
  • 我的图书馆
  • 登录
  • 详细信息显示
  • 放入我的书架
  • 预约/预借图书
  • 作者相关作品
  • 分类相关作品
  • 丛书相关作品
  • 出版社相关作品

书目信息

  • 表格格式
  • 工作单格式
  • 卡片格式
题名:
诠释学
    
 
作者: 洪汉鼎 著
分册:  
出版信息: 北京   人民出版社  2001.09
页数: 335页
开本: 32开
丛书名: 哲学史家文库
单 册:
中图分类: B089.2
科图分类:
主题词: 解释学--研究 , 哲学学派 , 哲学学派--研究
电子资源:
ISBN: 7-01-003347-1
000 00760nam0 2200253 45
001 0210170994
005 20031219104058.7
010    @a7-01-003347-1@dCNY19.00
100    @a20021017d2001 km y0chiy0120 ea
101 0  @achi
105    @a z 000yy
200 1  @a诠释学@AQuan Shi Xue@e它的历史和当代发展@f洪汉鼎著@FHong Han Ding Zhu@ETa De Li Shi He Dang Dai Fa Zhan
210    @a北京@c人民出版社@d2001.09
215    @a335页@d32开
225    @a哲学史家文库
410    @12001 @a哲学史家文库
517    @a它的历史和当代发展@ATa De Li Shi He Dang Dai Fa Zhan
606 0  @a解释学@x研究
606 0  @a哲学学派
606 0  @a哲学学派@x研究
690    @aB089.2@v4
701    @a洪汉鼎@4著
801    @aCN@bTSTC@c20021021
905    @b315812-813@dB089.2@e21@f2
    
    诠释学:它的历史和当代发展/洪汉鼎著.-北京:人民出版社,2001.09
    335页;32开.-(哲学史家文库)
    
    
    ISBN 7-01-003347-1:CNY19.00
    
●
相关链接 在E读中查询图书 在五车中查询图书 在当当中查询图书 在豆瓣中查询图书


正题名:诠释学     索取号:B089.2/21         预约/预借

序号 登录号 条形码 馆藏地/架位号 状态 备注
1 0315812   203158126   第一借阅区/ [索取号:B089.2/21] 在馆    
2 0315813   203158135   第一样本阅览室/ [索取号:B089.2/21] 在馆    
唐山师范学院图书馆 欢迎您!
大连网信软件有限公司© 版权所有